Fundamentos de enfermería

Guardat en:
Dades bibliogràfiques
Autor principal: Potter, Patricia A (autora)
Altres autors: Perry, Anne Griffin (autora), Stockert, Patricia A (autora), Hall, Amy M (autora)
Format: Llibre
Idioma:espanyol
Publicat: Amsterdam Elsevier 2015
Edició:8a. ed
Matèries:
Etiquetes: Afegir etiqueta
Sense etiquetes, Sigues el primer a etiquetar aquest registre!

MARC

LEADER 00000cam a2200000 a 4500
001 UCC2961
003 CL-VaPUC
005 20250106152852.0
008 180329e20150000ne |||||||||||||||||spa|d
999 |c 370837  |d 370835 
020 |a 9788490225356 
040 |c Pontificia Universidad Católica de Valparaíso 
082 0 4 |a 610.73  |b POT  |2 21 
100 |a Potter, Patricia A  |e autora  |9 596942 
245 1 0 |a Fundamentos de enfermería 
250 |a 8a. ed 
260 |a Amsterdam  |b Elsevier  |c 2015 
300 |a 1367 p 
583 |a last modification  |c 20180329 11:34:00  |k Rodrigo Vera 
650 0 |a Ética de la enfermería  |9 885951 
650 0 |a Enfermería basada en la evidencia  |9 885952 
650 0 |a Enfermeras y pacientes  |9 885953 
650 0 |a Protocolos de enfermería  |9 885954 
700 |a Perry, Anne Griffin  |e autora  |9 596943 
700 |a Stockert, Patricia A  |e autora  |9 596944 
700 |a Hall, Amy M  |e autora  |9 596945 
942 |c BK  |2 ddc 
945 |d 20180329 11:34:00  |a dcastane 
952 |0 0  |1 0  |2 ddc  |3 erd  |4 0  |6 610_730000000000000_POT_2015  |7 0  |8 A  |9 487512  |a BIBCUR  |b BIBCUR  |i 5461111  |l 2  |o 610.73 POT 2015  |p 5461111  |r 2025-04-22  |s 2023-11-09  |w 2019-11-24  |y BK_R  |z Catalogado en:20180329  |k TEM